|
|
|
|
| LEADER |
02061nam a22004094a 4500 |
| 001 |
34008 |
| 003 |
BD-DhAAL |
| 005 |
20181205085531.0 |
| 008 |
181119t2006 nju b 001 0 eng d |
| 999 |
|
|
|c 40294
|d 40294
|
| 010 |
|
|
|a 2005023229
|
| 015 |
|
|
|a GBA588571
|2 bnb
|
| 016 |
7 |
|
|a 013315898
|2 Uk
|
| 020 |
|
|
|a 9780691136189
|
| 020 |
|
|
|a 0691125961 (hardcover : alk. paper)
|
| 020 |
|
|
|a 9780691125961 (hardcover : alk. paper)
|
| 035 |
|
|
|a (OCoLC)ocm61456497
|
| 035 |
|
|
|a (OCoLC)61456497
|
| 040 |
|
|
|a DLC
|c DLC
|d UKM
|d C#P
|d PUL
|d BAKER
|d COO
|d NLGGC
|d YDXCP
|d OCLCQ
|d VP@
|d BTCTA
|d LVB
|d DLC
|d BD-DhAAL
|
| 042 |
|
|
|a pcc
|
| 043 |
|
|
|a n-us---
|
| 050 |
0 |
0 |
|a LB2322.2
|b .B65 2006
|
| 082 |
0 |
0 |
|a 378.73
|2 22
|
| 084 |
|
|
|a 81.80
|2 bcl
|
| 100 |
1 |
|
|a Bok, Derek Curtis.
|9 28950
|
| 245 |
1 |
0 |
|a Our underachieving colleges :
|b a candid look at how much students learn and why they should be learning more /
|c Derek Bok
|
| 260 |
|
|
|a Princeton, N.J. :
|b Princeton University Press,
|c c2006.
|
| 300 |
|
|
|a 429 pages ;
|c 24 cm.
|
| 504 |
|
|
|a Includes bibliographical references (pages 361-410) and index.
|
| 505 |
0 |
|
|a The evolution of American colleges -- Faculty attitudes toward undergraduate education -- Purposes -- Learning to communicate -- Learning to think -- Building character -- Preparation for citizenship -- Living with diversity -- Preparing for a global society -- Acquiring broader interests -- Preparing for a career -- Improving the quality of undergraduate education.
|
| 526 |
|
|
|a PDC
|
| 541 |
|
|
|a Complimentary copy from PDC
|e 34008
|
| 650 |
|
0 |
|a Education, Higher
|x Aims and objectives
|z United States.
|9 28951
|
| 650 |
|
0 |
|a Academic achievement
|z United States.
|9 28952
|
| 852 |
|
|
|a Professional Development Centre (PDC)
|c General stacks
|
| 942 |
|
|
|2 ddc
|c BK
|
| 952 |
|
|
|0 0
|1 3
|2 ddc
|4 0
|6 378_730000000000000_BOK
|7 0
|9 64694
|a PDC
|b PDC
|c GEN
|d 2018-11-19
|e Complimentary copy from PDC
|g 4274.65
|l 0
|o 378.73 BOK
|p 3010034008
|r 2018-11-19
|t 1
|v 4274.65
|w 2018-11-19
|y BK
|x Lost and cost paid by (PIN-7164) USD-39.95 @BDT107 =BDT-4274.65 Date-14/02/2023, Money Receipt-52511
|